000 00671nam a22002297a 4500
003 UA-OsUOA
001 124693
007 ta
008 20170822b un ||||| |||| 00| 0 ukr d
090 _a82.09(477)
_bЗ-11
942 _cBK
040 _aUA-OsUOA
_bukr
_cUA-OsUOA
_dUA-OsUOA
245 _aЗ любов'ю і болем
_bспогади про Павла Тичину
_cред. М. Коцюбинська
300 _a350 с.
955 _a1
041 _aukr
080 _a82.09(477)
020 _a966-8063-95-2
260 _aК.
_bМіленіум
_c2005
650 7 _a82 Література. Літературознавство
_2UDC
999 _c411832
_d411832